Juego y aprendo 1 : para leer y escribir en primer grado /
Guardado en:
| Autor Principal: | |
|---|---|
| Otros Autores: | , |
| Formato: | Libro |
| Publicado: |
Buenos Aires :
Magisterio del Río de La Plata,
1992.
|
| Materias: | |
| Etiquetas: |
Agregar Etiqueta
Sin Etiquetas, Sea el primero en etiquetar este registro!
|
| LEADER | 00805nam a22002415a 4500 | ||
|---|---|---|---|
| 001 | CEM.cems012492 | ||
| 005 | 20070419174423.0 | ||
| 008 | 130507s1992##################000#0#####d | ||
| 003 | CEMS | ||
| 082 | 0 | 4 | |a 372.41 |
| 100 | 1 | |a Almandoz, Begoña | |
| 245 | 1 | 0 | |a Juego y aprendo 1 : |b para leer y escribir en primer grado / |c Begoña Almandoz ; laura Ramos ; mabel Starico de Accomo. |
| 260 | |a Buenos Aires : |b Magisterio del Río de La Plata, |c 1992. | ||
| 300 | |a 223 p. | ||
| 500 | |a Lectura y escritura | ||
| 653 | |a Biblioteca maría de los ángeles saggio | ||
| 653 | |a Educación | ||
| 653 | |a Educación primaria | ||
| 653 | |a Lengua-1º egb | ||
| 653 | |a Lectoescritura | ||
| 700 | 1 | |a Ramos, Laura | |
| 700 | 1 | |a Starico de Accomo, Mabel | |
| 859 | |a CEMS |b BIB. CEMS - 11 de abril |h 372.41 |i AL52 |p 23731.07 |t Ej.1 | ||
